000 00378 a2200157 4500
001 173649
020 _a978-85-66653-17-5
040 _cMagnum
100 _aCoelho, Ronaldo Simões
240 1 0 _aO lobisomem que quase morreu de medo
_lpor
245 1 0 _aO lobisomem que quase morreu de medo
300 _a28
362 0 _a2013
697 _aLITERATURA INFANTO
942 _cBK
999 _c173649
_d173649